000 00492nam a2200181 i 4500
001 76542
003 ES-MaACL
005 20230906172856.0
007 t|
008 041004s1977 sp f |||| | spa d
080 _a27-876.4
100 1 _aGuirao, P.
_960884
245 1 0 _aHerejía y tragedia de los cátaros /
_cP. Guirao.
260 _aBarcelona :
_bProducciones Editoriales,
_c[1977]
300 _a288 p., 16 lám. ;
_c21 cm.
650 4 _aCátaros.
_910841
852 _aES-MaACL
_jA-6738
999 _c76542
_d76542